5HLuxD.jpg

KING HENRY VIII SENIOR AND PRIMARY SCHOOL LIBRARY OPAC

THE FAMOUS FIVE ADVENTURES (Record no. 4586)

000 -LEADER
fixed length control field 00378nam a22001217a 4500
008 - FIXED-LENGTH DATA ELEMENTS--GENERAL INFORMATION
fixed length control field 250304b ||||| |||| 00| 0 eng d
020 ## - INTERNATIONAL STANDARD BOOK NUMBER
International Standard Book Number 9781444916294
082 ## - DEWEY DECIMAL CLASSIFICATION NUMBER
Classification number FIC BLY
100 ## - MAIN ENTRY--PERSONAL NAME
Personal name BLYTON,GUID
Relator term AUTHOR
245 ## - TITLE STATEMENT
Title THE FAMOUS FIVE ADVENTURES
Remainder of title A LAZY AFTERNOON
260 ## - PUBLICATION, DISTRIBUTION, ETC.
Place of publication, distribution, etc. CARMELITE HOUSE 50 VICTORIA EMBANKMENTLONDON EC4Y 0DZ
Name of publisher, distributor, etc. HODDER CHILDREN'S BOOKS
Date of publication, distribution, etc. 2014
942 ## - ADDED ENTRY ELEMENTS (KOHA)
Source of classification or shelving scheme
Holdings
Withdrawn status Lost status Source of classification or shelving scheme Damaged status Not for loan Collection code Permanent Location Current Location Shelving location Date acquired Total Checkouts Full call number Barcode Date last seen Date last checked out Price effective from Koha item type Public note
          Fiction KH8 Primary School Library KH8 Primary School Library Fiction 2025-03-04 1 FIC BLY KHPL000006418 2025-12-05 2025-10-27 2025-03-04 Books - Fiction KH8 PRIMARY LIBRARY

Powered By KH8 IT Dept